000 01399nam a2200337 i 4500
003 EG-GICUC
005 20260121101506.0
008 251215s2008 ua ||||fr|||| 000 0 ara d
017 _a2008/19045
020 _a978-977-04-5776-7
040 _a EG-GICUC
_bara
_c EG-GICUC
_d EG-GICUC
_erda
041 _aara
082 0 4 _221
_a343.645
_bو ل . ف
092 0 4 _221
099 _aLaw1 10 343.645 و ل . ف 2008
100 0 _aوليد مضان عبدالرازق محمود بيومي
_eمؤلف.
245 1 2 _aالفكر والجريمة :
_bدراسة مقارنة بين القانون والواقع في معالجة الجريمة والقضاء على البطالة.
_nالجزء الاول /
_cوليد مضان عبدالرازق محمود بيومي.
264 1 _aالقاهرة :
_bدار الهضة العربية,
_c2008.
300 _a104 صفحة ؛
_c24 سم
336 _2rda content
_atext
337 _2rda media
_aComputer
338 _2rda carrier
_aOnline Resource
546 _aالنص باللغة العربية
650 1 4 _aالبيئة الثقافية والجريمة
_2qrmak
650 1 4 _aإدمان الخمور والمخدرات والجريمة
_2qrmak
650 1 4 _aمستوى الذكاء والجريمة
651 1 _2qrmak
856 4 0 _uhttps://fll.law.cu.edu.eg/fulltext/bks/B10-07206.pdf
905 _a79
_eHassnaa
942 _2ddc
_cBK
_e21
_n0
999 _c50632
_d50632